000 00620nam a22002057a 4500
003 SISC
005 20170530135500.0
008 170530b xxu||||| |||| 00| 0 eng d
020 _a9781848725034
050 _aBF 371
_b.C953 2015
100 _aCrowder, Robert G.
245 _aPrinciples of learning and memory /
_bRobert G. Crowder.
260 _aNew York :
_bPsychology Press,
_c2015.
300 _axvii, 514 pages :
_billustrations ;
_c23 cm.
500 _aIncludes bibliographical references and index.
650 _aMemory.
650 _aLearning, Psychology of.
650 _aLearning.
942 _2lcc
_cBK
999 _c335190
_d335190